[Event "BI-2016-F-0000"]
[Site "LSS email"]
[Date "2016.02.14"]
[Round "?"]
[White "Chmela, Zdenek"]
[Black "Sanchez Berrocal, Miguel"]
[Result "1-0"]
[WhiteElo "2126"]
[BlackElo "1713"]
[PlyCount "69"]
[EventDate "2016.02.20"]
[EventType "tourn (corr)"]
[EventRounds "10"]
[EventCountry "GER"]
[SourceTitle "Corr 2022"]
[Source "ChessBase"]
[SourceDate "2021.10.24"]
[SourceVersion "1"]
[SourceVersionDate "2021.10.24"]
[SourceQuality "1"]

1. d4 f5 2. g3 e6 3. Bg2 Nf6 4. c4 d5 5. Nc3 c6 6. Nf3 Bd6 7. 0-0 0-0 8. Qb3 Nbd7 9. Bf4 Bxf4 10. gxf4 Ne4 11. e3 Rf6 12. Rac1 Rh6 13. h3 Nd6 14. c5 Ne4 15. Ne2 Qa5 16. Rfe1 Rb8 17. Qc2 Rg6 18. Rb1 Qc7 19. Nc1 Rh6 20. b4 b6 21. Nd3 Bb7 22. Nde5 b5 23. Nxd7 Qxd7 24. Ne5 Qe7 25. Bxe4 fxe4 26. Kg2 Rf8 27. Rg1 Qh4 28. Rh1 Qd8 29. a4 a6 30. axb5 axb5 31. Qe2 Rh4 32. Kh2 Qc7 33. Rbg1 Rf5 34. Rg3 g6 35. Rhg1 1-0

[Event "BI-2016-F-0000"]
[Site "LSS email"]
[Date "2016.02.14"]
[Round "?"]
[White "Sanchez Berrocal, Miguel"]
[Black "Husemann, Andreas"]
[Result "1/2-1/2"]
[WhiteElo "1713"]
[BlackElo "2228"]
[PlyCount "78"]
[EventDate "2016.02.20"]
[EventType "tourn (corr)"]
[EventRounds "10"]
[EventCountry "GER"]
[SourceTitle "Corr 2022"]
[Source "ChessBase"]
[SourceDate "2021.10.24"]
[SourceVersion "1"]
[SourceVersionDate "2021.10.24"]
[SourceQuality "1"]

1. e4 c5 2. Nf3 Nc6 3. d4 cxd4 4. Nxd4 Nf6 5. Nc3 e5 6. Ndb5 d6 7. Bg5 a6 8. Na3 b5 9. Nd5 Be7 10. Bxf6 Bxf6 11. c3 Bg5 12. h4 Bh6 13. g4 Bf4 14. Nc2 Be6 15. Nxf4 exf4 16. Qd2 Ne5 17. Qxf4 Bxg4 18. Qg3 0-0 19. Bg2 Qc7 20. Ne3 h5 21. 0-0 Rac8 22. Nd5 Qd8 23. f3 Be6 24. Nf4 a5 25. Nxh5 Ng6 26. f4 Qxh4 27. Qxh4 Nxh4 28. f5 Bc4 29. Rf4 g5 30. Rf2 a4 31. Rd1 Bxa2 32. Rxd6 Rfd8 33. Rb6 Rc5 34. Kh2 Bb3 35. Nf6+ Kg7 36. Nh5+ Kf8 37. Nf6 Kg7 38. Nh5+ Kf8 39. Nf6 Kg7 1/2-1/2

[Event "CP-2015-P-00009"]
[Site "LSS email"]
[Date "2015.09.28"]
[Round "?"]
[White "Ucal, Mustafa"]
[Black "Sanchez Berrocal, Miguel"]
[Result "0-1"]
[WhiteElo "1598"]
[BlackElo "1677"]
[PlyCount "86"]
[EventDate "2015.10.01"]
[EventType "tourn (corr)"]
[EventRounds "6"]
[EventCountry "GER"]
[SourceTitle "Corr 2022"]
[Source "ChessBase"]
[SourceDate "2021.10.24"]
[SourceVersion "1"]
[SourceVersionDate "2021.10.24"]
[SourceQuality "1"]

1. d4 f5 2. g3 Nf6 3. Bg2 e6 4. Nf3 Be7 5. c4 d5 6. 0-0 0-0 7. b3 Ne4 8. Ne5 Nd7 9. Bf4 c6 10. Nxd7 Bxd7 11. f3 Nd6 12. Qd3 dxc4 13. bxc4 Nf7 14. Nc3 e5 15. Be3 Qa5 16. d5 Bc5 17. Bxc5 Qxc5+ 18. Kh1 Nd6 19. Rac1 Qxc4 20. Qxc4 Nxc4 21. e4 fxe4 22. fxe4 Rxf1+ 23. Bxf1 Ne3 24. Bd3 Kf7 25. Rb1 b6 26. Re1 Ng4 27. Bc4 Ke7 28. dxc6 Bxc6 29. h3 Nf6 30. Nd5+ Bxd5 31. exd5 Kd6 32. Rd1 Rc8 33. Bb3 Rc3 34. Kg2 Nh5 35. Rf1 Rxg3+ 36. Kh2 Rd3 37. Rf8 Nf4 38. Rd8+ Ke7 39. Ra8 e4 40. Rxa7+ Kd6 41. Rxg7 e3 42. Rxh7 e2 43. Rh6+ Ke5 0-1

[Event "BI-2015-P-0000"]
[Site "LSS email"]
[Date "2015.04.16"]
[Round "?"]
[White "Baroin, Bernard"]
[Black "Sanchez Berrocal, Miguel"]
[Result "0-1"]
[WhiteElo "2165"]
[BlackElo "1557"]
[PlyCount "96"]
[EventDate "2015.04.22"]
[EventType "tourn (corr)"]
[EventRounds "10"]
[EventCountry "GER"]
[SourceTitle "Corr 2022"]
[Source "ChessBase"]
[SourceDate "2021.10.24"]
[SourceVersion "1"]
[SourceVersionDate "2021.10.24"]
[SourceQuality "1"]

1. e4 e5 2. f4 exf4 3. Nf3 g5 4. Bc4 g4 5. 0-0 gxf3 6. Qxf3 Qf6 7. e5 Qxe5 8. Bxf7+ Kxf7 9. d4 Qf5 10. Bxf4 Nf6 11. Qe3 Bg7 12. Be5 Qg6 13. Nc3 Re8 14. Nd5 d6 15. Nxc7 dxe5 16. dxe5 Kg8 17. Qb3+ Nd5 18. Qxd5+ Kh8 19. Qf7 Bd7 20. Qxg6 hxg6 21. Rad1 Rc8 22. Nxa8 Bxe5 23. Rd5 Bxb2 24. Rfd1 b6 25. a4 Ba3 26. c3 Be7 27. Nxb6 axb6 28. Rxd7 Nxd7 29. Rxd7 Bc5+ 30. Kf1 Ra8 31. g3 Rxa4 32. Rd2 Rc4 33. Rd3 Kg7 34. Ke2 Kf6 35. Rf3+ Ke5 36. Kd3 Ra4 37. Rf7 Ra2 38. Rg7 Kf6 39. Rh7 Rg2 40. Ke4 Bg1 41. Rd7 Rxh2 42. Kf4 Bc5 43. Rd3 Rf2+ 44. Kg4 Rf1 45. Kh3 Re1 46. c4 Re3 47. Rd1 Rc3 48. Rf1+ Kg5 0-1

[Event "BI-2015-P-0000"]
[Site "LSS email"]
[Date "2015.04.16"]
[Round "?"]
[White "Rook, Detlef"]
[Black "Sanchez Berrocal, Miguel"]
[Result "1-0"]
[WhiteElo "2399"]
[BlackElo "1557"]
[PlyCount "89"]
[EventDate "2015.04.22"]
[EventType "tourn (corr)"]
[EventRounds "10"]
[EventCountry "GER"]
[SourceTitle "Corr 2022"]
[Source "ChessBase"]
[SourceDate "2021.10.24"]
[SourceVersion "1"]
[SourceVersionDate "2021.10.24"]
[SourceQuality "1"]

1. e4 e5 2. Bc4 Nf6 3. d3 Nc6 4. Nf3 Be7 5. 0-0 0-0 6. Re1 d6 7. c3 Bg4 8. h3 Bxf3 9. Qxf3 Na5 10. Bb5 Nd7 11. Qg4 Nf6 12. Qg3 a6 13. Ba4 b5 14. Bc2 c5 15. Nd2 Nh5 16. Qg4 Nf6 17. Qf5 Nc6 18. Nf1 Rc8 19. Bb3 Na5 20. Qf3 Nxb3 21. axb3 Ra8 22. Ne3 g6 23. Nc2 Kg7 24. Bd2 a5 25. Ne3 Qd7 26. Ra3 Ra7 27. Rea1 Rfa8 28. Kh2 Qb7 29. g3 Nd7 30. Qg4 h5 31. Qf3 Nf6 32. c4 b4 33. Ra4 Nd7 34. Rg1 Nb6 35. g4 h4 36. Nf5+ Kf8 37. Nh6 Bd8 38. Raa1 a4 39. bxa4 Nxa4 40. Bc1 Nb6 41. Rxa7 Rxa7 42. g5 Qe7 43. Qg4 Ke8 44. Qxh4 Nd7 45. Ng8 1-0

[Event "BI-2015-P-0000"]
[Site "LSS email"]
[Date "2015.04.16"]
[Round "?"]
[White "Sanchez Berrocal, Miguel"]
[Black "Vasquez, Gerardo"]
[Result "1-0"]
[WhiteElo "1557"]
[BlackElo "2086"]
[PlyCount "85"]
[EventDate "2015.04.22"]
[EventType "tourn (corr)"]
[EventRounds "10"]
[EventCountry "GER"]
[SourceTitle "Corr 2022"]
[Source "ChessBase"]
[SourceDate "2021.10.24"]
[SourceVersion "1"]
[SourceVersionDate "2021.10.24"]
[SourceQuality "1"]

1. e4 e5 2. Nf3 Nc6 3. Bc4 Bc5 4. c3 Nf6 5. d3 a6 6. 0-0 d6 7. b4 Ba7 8. a4 0-0 9. Nbd2 Ne7 10. a5 Ng4 11. Bb3 Ng6 12. d4 Be6 13. Bc2 Re8 14. h3 Nf6 15. Re1 Nh5 16. Nf1 Ngf4 17. Be3 Qe7 18. Kh1 h6 19. g4 Nf6 20. Bxf4 exf4 21. Qd2 g5 22. Qd3 Rad8 23. N1d2 c6 24. c4 Qf8 25. c5 h5 26. gxh5 g4 27. hxg4 Nxg4 28. Rg1 Kh8 29. Qc3 d5 30. Kg2 Qh6 31. e5 Rf8 32. Rae1 Rg8 33. Kf1 Rde8 34. Ke2 Bb8 35. Nh4 Nf6 36. Rxg8+ Nxg8 37. Qf3 Qg5 38. Qh1 Nh6 39. Rg1 Bg4+ 40. Ndf3 Rg8 41. Kd2 Qxh5 42. Ne1 f6 43. Rxg4 1-0

[Event "IECC CL0-2015.00 email"]
[Site "IECC email"]
[Date "2015.04.14"]
[Round "?"]
[White "Lombardi, Donato"]
[Black "Sanchez Berrocal, Miguel"]
[Result "0-1"]
[WhiteElo "808"]
[BlackElo "800"]
[PlyCount "56"]
[EventDate "2015.03.18"]
[EventType "tourn (corr)"]
[EventRounds "4"]
[SourceTitle "Corr 2022"]
[Source "ChessBase"]
[SourceDate "2021.10.24"]
[SourceVersion "1"]
[SourceVersionDate "2021.10.24"]
[SourceQuality "1"]

1. e4 e5 2. Nf3 Nc6 3. d4 exd4 4. Nxd4 Bc5 5. Be3 Qf6 6. c3 Nge7 7. Be2 d5 8. Bf3 Bxd4 9. Bxd4 Nxd4 10. cxd4 dxe4 11. Bxe4 Bf5 12. Bxf5 Nxf5 13. 0-0 0-0-0 14. Nc3 Nxd4 15. Qg4+ Qe6 16. Qxe6+ Nxe6 17. Rac1 Rd2 18. Nb5 a6 19. Nc3 Rxb2 20. Rfe1 b5 21. h3 Rd8 22. a3 Rb3 23. Nb1 c5 24. Rcd1 Rxd1 25. Rxd1 c4 26. Nd2 Rd3 27. Kf1 c3 28. Ke2 Nf4+ 0-1

[Event "SN-2015-0-00664"]
[Site "LSS email"]
[Date "2015.02.22"]
[Round "?"]
[White "Krivosheya, Dmitrij"]
[Black "Sanchez Berrocal, Miguel"]
[Result "0-1"]
[WhiteElo "796"]
[BlackElo "800"]
[PlyCount "50"]
[EventDate "2015.02.02"]
[EventType "tourn (corr)"]
[EventRounds "6"]
[EventCountry "GER"]
[SourceTitle "Corr 2022"]
[Source "ChessBase"]
[SourceDate "2021.10.24"]
[SourceVersion "1"]
[SourceVersionDate "2021.10.24"]
[SourceQuality "1"]

1. e4 e5 2. Nf3 Nc6 3. Bb5 a6 4. Ba4 Nf6 5. d3 d6 6. Bxc6+ bxc6 7. 0-0 Be7 8. Nc3 0-0 9. d4 exd4 10. Nxd4 Bd7 11. Re1 Re8 12. Qd3 Ng4 13. Nf5 Bf6 14. Qg3 Bxf5 15. h3 Bh4 16. Qf3 Bxf2+ 17. Qxf2 Nxf2 18. Kxf2 Qh4+ 19. g3 Qxh3 20. Bf4 Qh2+ 21. Kf3 Bg6 22. Rh1 Qxc2 23. Nd1 Bxe4+ 24. Kg4 Bf3+ 25. Kh3 Qg2+ 0-1

[Event "SN-2014-0-00649"]
[Site "LSS email"]
[Date "2014.12.27"]
[Round "?"]
[White "Molina, Vicente Andres"]
[Black "Sanchez Berrocal, Miguel"]
[Result "0-1"]
[WhiteElo "816"]
[BlackElo "800"]
[PlyCount "44"]
[EventDate "2014.12.09"]
[EventType "tourn (corr)"]
[EventRounds "6"]
[EventCountry "GER"]
[SourceTitle "Corr 2022"]
[Source "ChessBase"]
[SourceDate "2021.10.24"]
[SourceVersion "1"]
[SourceVersionDate "2021.10.24"]
[SourceQuality "1"]

1. c4 e5 2. Nc3 Nf6 3. g3 Bc5 4. e3 d5 5. cxd5 Nxd5 6. d4 exd4 7. exd4 Bb4 8. Nge2 Bg4 9. Bd2 Bf3 10. Rg1 0-0 11. Nxd5 Bxd2+ 12. Qxd2 Qxd5 13. 0-0-0 Qxa2 14. Nc3 Qa1+ 15. Kc2 Bxd1+ 16. Nxd1 Rd8 17. Bc4 Nc6 18. d5 Qa4+ 19. b3 Qa2+ 20. Nb2 b5 21. Bxb5 Rxd5 22. Qxd5 Nb4+ 0-1

[Event "OP-2014-0-03579"]
[Site "LSS email"]
[Date "2014.12.07"]
[Round "?"]
[White "Sanchez Berrocal, Miguel"]
[Black "Gazen, Louis"]
[Result "1/2-1/2"]
[WhiteElo "1163"]
[BlackElo "1830"]
[PlyCount "80"]
[EventDate "2014.12.03"]
[EventType "tourn (corr)"]
[EventRounds "4"]
[EventCountry "GER"]
[SourceTitle "Corr 2015"]
[Source "ChessBase"]
[SourceDate "2015.07.17"]
[SourceVersion "1"]
[SourceVersionDate "2015.07.17"]
[SourceQuality "1"]

1. e4 e5 2. Nf3 Nf6 3. Nxe5 d6 4. Nf3 Nxe4 5. d4 d5 6. Bd3 Nc6 7. Nbd2 Nxd2 8. Bxd2 Bd6 9. 0-0 0-0 10. c3 Bg4 11. h3 Bh5 12. Re1 a5 13. a4 h6 14. Bb1 Qd7 15. Ne5 Nxe5 16. Qxh5 Ng6 17. Bxg6 fxg6 18. Qxd5+ Kh7 19. Qe6 Qc6 20. b3 Rae8 21. Qc4 Qd7 22. Rxe8 Rxe8 23. Re1 Rxe1+ 24. Bxe1 Qf5 25. d5 Qb1 26. Kf1 Qd1 27. h4 h5 28. g3 Bf8 29. Qb5 Bd6 30. Qxa5 Qxb3 31. Qb5 Qd1 32. Qxb7 Qxa4 33. Qb2 Qe4 34. Qd2 Qh1+ 35. Ke2 Qe4+ 36. Kf1 Bc5 37. Kg1 Kh8 38. Qd1 Ba7 39. Kh2 Bc5 40. Qd2 Kh7 1/2-1/2